Elizabeth Banks Filmography - Statistics

General Stats
  • This quiz has been taken 77 times
    9 since last reset
  • The average score is 41 of 142
Answer Stats
Type Year Name % Correct
TV Show 2015 Saturday Night Live
86%
Film 2014 The Lego Movie
86%
Film 2019 Brightburn
71%
TV Show 2001 Law & Order: Special Victims Unit
71%
TV Show 2009-2020 Modern Family
71%
Film 2012 Pitch Perfect
71%
Film 2015 Pitch Perfect 2
71%
Film 2017 Pitch Perfect 3
71%
Film 2012 The Hunger Games
71%
Film 2013 The Hunger Games: Catching Fire
71%
Film 2014 The Hunger Games: Mockingjay - Part 1
71%
Film 2015 The Hunger Games: Mockingjay - Part 2
71%
Film 2019 The Lego Movie 2: The Second Part
71%
Film 2008 W.
71%
Film 2019 Charlie's Angels
57%
Director 2023 Cocaine Bear
57%
Video Game 2015 Lego Dimensions
57%
Film 2014 Love & Mercy
57%
Film 2017 Power Rangers
57%
Film 2005 The 40-Year-Old Virgin
57%
Film 2012 What to Expect When You're Expecting
57%
TV Show 2010-2012 30 Rock
43%
TV Show 2007, 2008 American Dad!
43%
TV Mini-Series 2008 Comanche Moon
43%
TV Show 2017 Curb Your Enthusiasm
43%
TV Show 2012 Family Guy
43%
Film 2007 Fred Claus
43%
Film 2006 Invincible
43%
Film 2007 Meet Bill
43%
TV Show 2015 Moonbeam City
43%
TV Show 2014 Phineas and Ferb
43%
TV Show 2006-2009 Scrubs
43%
Film 2003 Seabiscuit
43%
Film 2000 Shaft
43%
Film 2002 Spider-Man
43%
Film 2004 Spider-Man 2
43%
Film 2007 Spider-Man 3
43%
Film 2011 The Details
43%
TV Show 2015 The Muppets.
43%
Film 2008 Zack and Miri Make a Porno
43%
TV Show 1999 All My Children
29%
Short Film 2017 Asteroids!
29%
Short Film 2009 Big Breaks
29%
Film 2022 Call Jane
29%
Film 2002 Catch Me If You Can
29%
TV Show 2012 Comedy Bang! Bang!
29%
TV Special 2020 COVID Is No Joke
29%
Music Video 2018 Crushin' It
29%
Film 2005 Daltry Calhoun
29%
Film 2008 Definitely, Maybe
29%
Music Video 2019 Don't Call Me Angel
29%
Film TBA DreamQuil
29%
Short Film 2018 Emmet's Holiday Party: A Lego Movie Short
29%
Film 2014 Every Secret Thing
29%
Short Film 2013 Face in the Crowd
29%
Music Video 2018 Girls Like You
29%
Film 2005 Heights
29%
Short Film 2011 Just a Little Heart Attack
29%
Film 2014 Little Accidents
29%
Film 2008 Lovely, Still
29%
Music Video 2020 Love on Top
29%
Film 2015 Magic Mike XXL
29%
Film 2012 Man on a Ledge
29%
Film 2008 Meet Dave
29%
Film 2023 Migration
29%
Film 2013 Movie 43
29%
Web Mini-Series 2020 Mrs. America
29%
Film 2001 Ordinary Sinner
29%
Film 2011 Our Idiot Brother
29%
Film 2012 People Like Us
29%
TV Show 2019 Random Acts
29%
TV Mini-Series 2015 Resident Advisors
29%
TV Show 2012 Robot Chicken
29%
Film 2008 Role Models
29%
Short Film 2019 Ru's Angels
29%
TV Show 2000 Sex and the City
29%
Film 2005 Sexual Life
29%
Film 2006 Slither
29%
TV Show 2005 Stella
29%
Film 1998 Surrender Dorothy
29%
Film 2002 Swept Away
29%
Film 2005 The Baxter
29%
Web Series 2022 The Boys
29%
Film 2018 The Happytime Murders
29%
Theme Park Attraction 2016 The Lego Movie 4D: A New Adventure
29%
Film 2010 The Next Three Days
29%
TV Show 2023 The Simpsons
29%
Film 2005 The Sisters
29%
Film 2003 The Trade
29%
Film 2009 The Uninvited
29%
TV Show 1999 Third Watch
29%
TV Pilot 2013 Timms Valley
29%
Short Film 2015 Uber for Jen
29%
Film 1999 Uninvited
29%
Web Series 2007, 2008 Wainy Days
29%
Film 2014 Walk of Shame
29%
Film 2001 Wet Hot American Summer
29%
Web Series 2015 Wet Hot American Summer: First Day of Camp
29%
Web Series 2017 Wet Hot American Summer: Ten Years Later
29%
TV Show 2002 Without a Trace
29%
Film 2024 A Mistake
14%
TV Show TBA Bedrock
14%
TV Show 2019-Present Press Your Luck
14%
TV Special 2020 Red Nose Day
14%
TV Show TBA Red Queen
14%
Film TBA Signal Hill
14%
Film 2024 Skincare
14%
Award Show 2010 The 82nd Annual Academy Awards
14%
Film 2023 The Beanie Bubble
14%
Web Series 2025 The Better Sister
14%
Short Film 2019 The Lego Movie 2 Stars Take on Ellen's Game of Games
14%
Web Series 2025 The Miniature Wife
14%
TV Special 2016 American Graduate Day
0%
TV Special 2008 A Night for Vets: An MTV Concert for the Brave
0%
Web Series 2013-2016 Ask a Badass with Elizabeth Banks
0%
Web Series 2017 Audi Think Faster
0%
Theater 2005 Bus Stop
0%
Documentary Series 2014 Bystander Revolution
0%
Web Series 2012 CollegeHumor Originals
0%
TV Special 2017 Hand in Hand: A Benefit for Hurricane Relief
0%
Documentary 2015 Hurricane of Fun: The Making of Wet Hot
0%
TV Special 1998 Keep Going Safety
0%
Documentary 2012 Love, Marilyn
0%
Commercial 2011 Malaria No More
0%
Short Film 2010 Mr. Celebrity with Elizabeth Banks
0%
Podcast 2021 My Body, My Podcast
0%
Commercial 2016 Old Navy
0%
Commercial 2015-2017 Realtor.com
0%
TV Show 2008 Reel Comedy
0%
TV Show 2012 Reggie Makes Music
0%
Documentary 2023 Show Her the Money
0%
TV Show 2019 Show Me the Movie!
0%
TV Special 2010, 2023 Stand Up to Cancer
0%
Web Series 2017 Temporary
0%
Theater 2007 The 24 Hour Plays 2007
0%
TV Show 2017 The Gong Show
0%
Director TBA The Greater Good
0%
TV Special 2017 The Magical Wand Chase: A Sesame Street Special
0%
Short Documentary 2017 Watching, Waiting
0%
Commercial 2000 Wendy's
0%
TV Show 2019 Wheel of Fortune
0%
Short Documentary 2017 Yours Sincerely, Lois Weber
0%
No matching quizzes found
Score Distribution
Percent of People with Each Score
Percentile by Number Answered
Your Score History
You have not taken this quiz since the last reset